00516nam a2200145Ia 4500008004100000100006400041245006600105250000600171260002500177500002400202650001200226942000700238952010800245999001700353230524s9999 xx 000 0 und d a"Trinity College, London (Based on CBSE Guidelines)"939774 0aASL Assessment of Speaking And Listening Skills IX (With CD) a1 bRachna Sagar Pvt.Ltd aQuantity Number: 1 aEnglish cBK 00104070aTATCLbTATCLcGENd2023-05-24l1p50601q2016-02-24r2024-02-02s2024-02-02w2023-05-24yBK c54028d54028